Normal view
MARC view
Entry Topical Term
001 - CONTROL NUMBER
- control field: 875720
003 - CONTROL NUMBER IDENTIFIER
- control field:
005 - DATE AND TIME OF LATEST TRANSACTION
- control field: 20210627090240.0
008 - FIXED-LENGTH DATA ELEMENTS
- fixed length control field: 210627|| aca||aabn | a|a d
040 ## - CATALOGING SOURCE
- Original cataloging agency:
- Transcribing agency:
150 ## - HEADING--TOPICAL TERM
- Topical term or geographic name entry element: Social history
- Chronological subdivision: 21st century
670 ## - SOURCE DATA FOUND
- Source citation: Work cat.: ()755696: Cohen, Daniel, 1953- 875719, Three lectures on post-industrial society /, c2009
